| 000 | 00545nam a22001817a 4500 | ||
|---|---|---|---|
| 005 | 20231114061258.0 | ||
| 008 | 231114b |||||||| |||| 00| 0 eng d | ||
| 020 | _a9780409122503 | ||
| 041 | _aEnglish | ||
| 082 | _a345 TER | ||
| 100 |
_aTerblanche, SS _lEnglish |
||
| 245 |
_aA Guide to Sentencing in South Africa / _cSS Terblanche |
||
| 250 | _a3rd Edition | ||
| 260 |
_aDurban : _bLexisNexis (Pty) Ltd, _c2016 |
||
| 300 |
_bxi, 562 pages ; _c25 cm. |
||
| 650 |
_aLegal practice _bLaw |
||
| 942 |
_cBK _6ALISON_BN_VRIES |
||
| 999 |
_c593 _d593 |
||